| 000 | 00508cam a2200181ua 4500 | ||
|---|---|---|---|
| 003 | OSt | ||
| 008 | 250108b |||||||| |||| 00| 0 eng d | ||
| 020 | _a0-87692-413-5 | ||
| 041 | _aeng | ||
| 082 |
_a621.381548 _bCOO/EL |
||
| 100 |
_aCooper , William David . _96850 |
||
| 245 | _aElectrical instrumentation and measurement techniques / | ||
| 250 | _a3 / | ||
| 260 |
_aNew Delhi : _bPrentice Hall of India Pvt Ltd. , _c1991. |
||
| 300 | _a465 ; . | ||
| 700 | 1 |
_aHelfrick, Albert D . _91330 |
|
| 942 | _cBK | ||
| 999 |
_c5487 _d5487 |
||